Statistics for Basque Country (Euskadi) Comarcas

Click here to take the quiz!

General Stats

  • This quiz has been taken 41 times
  • The average score is 6 of 20

Answers on the Map

Answers color-coded by a green-red scale on the quiz's map according to % correct below.
 

Answer Stats

Comarca% Correct
Gran Bilbao
76%
Encartaciones
59%
Duranguesado
54%
Donostialdea
51%
Rioja Alavesa
46%
Goierri
43%
Tolosa
41%
Alto Deba
32%
Bajo Deba
32%
Arratia-Nervion
27%
Llanada Alavesa
24%
Montaña Alavesa
22%
Urola Costa
16%
Bajo Bidasoa
11%
Cantabrica Alavesa
11%
Gernika-Bermeo
8%
Plentzia-Mungia
5%
Estribo de Gorbea
3%
Markina-Ondarroa
3%
Valles Alavesas
3%

Score Distribution

Percentile by Number Answered

Percent of People with Each Score

Your Score History

You have not taken this quiz